<?xml version="1.0" encoding="UTF-8"?>
<record
    xmlns:xsi="http://www.w3.org/2001/XMLSchema-instance"
    xsi:schemaLocation="http://www.loc.gov/MARC21/slim http://www.loc.gov/standards/marcxml/schema/MARC21slim.xsd"
    xmlns="http://www.loc.gov/MARC21/slim">

  <leader>00718nam a22001337a 4500</leader>
  <datafield tag="040" ind1=" " ind2=" ">
    <subfield code="c">RUA </subfield>
  </datafield>
  <datafield tag="082" ind1=" " ind2=" ">
    <subfield code="a">FIS TAI 2010 B182 Or.1</subfield>
  </datafield>
  <datafield tag="100" ind1=" " ind2=" ">
    <subfield code="a">TAING SOKMEALEA; &#x178F;&#x17C6;&#x17B6;&#x1784; &#x179F;&#x17BB;&#x1781;&#x1798;&#x17B6;&#x179B;&#x17B6;.</subfield>
  </datafield>
  <datafield tag="245" ind1=" " ind2=" ">
    <subfield code="a">Semi-atificial breeding of trey riel (Henicohynchus siamensis) by using ovaprim; &#x1794;&#x1785;&#x17D2;&#x1785;&#x17C1;&#x1780;&#x1791;&#x17C1;&#x179F;&#x1795;&#x179B;&#x17B7;&#x178F;&#x1796;&#x17BC;&#x1787;&#x1780;&#x17BC;&#x1793;&#x178F;&#x17D2;&#x179A;&#x17B8;&#x179A;&#x17C0;&#x178F;&#x17BB;&#x1794; &#x178F;&#x17B6;&#x1798;&#x1794;&#x17C2;&#x1794;&#x1796;&#x17B6;&#x1780;&#x17CB;&#x1780;&#x178E;&#x17D2;&#x178A;&#x17B6;&#x179B;&#x179F;&#x17B7;&#x1794;&#x17D2;&#x1794;&#x1793;&#x17B7;&#x1798;&#x17D2;&#x1798;&#x17B7;&#x178F; &#x178A;&#x17C4;&#x1799;&#x1794;&#x17D2;&#x179A;&#x17BE;&#x17A2;&#x179A;&#x1798;&#x17C9;&#x17BC;&#x1793;&#x17A2;&#x17BC;&#x179C;&#x17C9;&#x17B6;&#x1796;&#x17D2;&#x179A;&#x17B8;&#x1798;.</subfield>
  </datafield>
  <datafield tag="260" ind1=" " ind2=" ">
    <subfield code="a">Phnom Penh </subfield>
    <subfield code="b">RUA </subfield>
    <subfield code="c">2010</subfield>
  </datafield>
  <datafield tag="300" ind1=" " ind2=" ">
    <subfield code="a">xii; 39p.</subfield>
    <subfield code="b">ill.</subfield>
    <subfield code="c">29cm.</subfield>
  </datafield>
  <datafield tag="856" ind1=" " ind2=" ">
    <subfield code="u">https://drive.google.com/file/d/1piyIGmYS4yq0yhnKpKAGpBSlVn2gngHH/view?usp=sharing</subfield>
  </datafield>
  <datafield tag="942" ind1=" " ind2=" ">
    <subfield code="c">FIS</subfield>
  </datafield>
  <datafield tag="999" ind1=" " ind2=" ">
    <subfield code="c">4059</subfield>
    <subfield code="d">4059</subfield>
  </datafield>
  <datafield tag="952" ind1=" " ind2=" ">
    <subfield code="0">0</subfield>
    <subfield code="1">0</subfield>
    <subfield code="2">ddc</subfield>
    <subfield code="4">0</subfield>
    <subfield code="6">FIS_TAI_2010_000000000000000_B182_OR_1</subfield>
    <subfield code="7">0</subfield>
    <subfield code="9">20652</subfield>
    <subfield code="a">LBB</subfield>
    <subfield code="b">LBB</subfield>
    <subfield code="c">B182</subfield>
    <subfield code="d">2015-12-05</subfield>
    <subfield code="o">FIS TAI 2010 B182 Or.1</subfield>
    <subfield code="p">RUA028091</subfield>
    <subfield code="r">2015-12-05</subfield>
    <subfield code="w">2015-12-05</subfield>
    <subfield code="y">FIS</subfield>
  </datafield>
  <datafield tag="952" ind1=" " ind2=" ">
    <subfield code="0">0</subfield>
    <subfield code="1">0</subfield>
    <subfield code="2">ddc</subfield>
    <subfield code="4">0</subfield>
    <subfield code="6">FIS_TAI_2010_000000000000000_B182_OR_2</subfield>
    <subfield code="7">0</subfield>
    <subfield code="9">20653</subfield>
    <subfield code="a">LBB</subfield>
    <subfield code="b">LBB</subfield>
    <subfield code="c">B182</subfield>
    <subfield code="d">2015-12-05</subfield>
    <subfield code="o">FIS TAI 2010 B182 Or.2</subfield>
    <subfield code="p">RUA028019</subfield>
    <subfield code="r">2015-12-05</subfield>
    <subfield code="w">2015-12-05</subfield>
    <subfield code="y">FIS</subfield>
  </datafield>
  <datafield tag="952" ind1=" " ind2=" ">
    <subfield code="0">0</subfield>
    <subfield code="1">0</subfield>
    <subfield code="2">ddc</subfield>
    <subfield code="4">0</subfield>
    <subfield code="6">FIS_TAI_2010_000000000000000_B182_OR_3</subfield>
    <subfield code="7">0</subfield>
    <subfield code="9">20654</subfield>
    <subfield code="a">LBB</subfield>
    <subfield code="b">LBB</subfield>
    <subfield code="c">B182</subfield>
    <subfield code="d">2015-12-05</subfield>
    <subfield code="o">FIS TAI 2010 B182 Or.3</subfield>
    <subfield code="p">RUA028636</subfield>
    <subfield code="r">2015-12-05</subfield>
    <subfield code="w">2015-12-05</subfield>
    <subfield code="y">FIS</subfield>
  </datafield>
  <datafield tag="952" ind1=" " ind2=" ">
    <subfield code="0">0</subfield>
    <subfield code="1">0</subfield>
    <subfield code="2">ddc</subfield>
    <subfield code="4">0</subfield>
    <subfield code="6">FIS_TAI_2010_000000000000000_B182_OR_4</subfield>
    <subfield code="7">0</subfield>
    <subfield code="9">20655</subfield>
    <subfield code="a">LBB</subfield>
    <subfield code="b">LBB</subfield>
    <subfield code="c">B182</subfield>
    <subfield code="d">2015-12-05</subfield>
    <subfield code="o">FIS TAI 2010 B182 Or.4</subfield>
    <subfield code="p">RUA028309</subfield>
    <subfield code="r">2015-12-05</subfield>
    <subfield code="w">2015-12-05</subfield>
    <subfield code="y">FIS</subfield>
  </datafield>
  <datafield tag="952" ind1=" " ind2=" ">
    <subfield code="0">0</subfield>
    <subfield code="1">0</subfield>
    <subfield code="2">ddc</subfield>
    <subfield code="4">0</subfield>
    <subfield code="6">FIS_TAI_2010_000000000000000_B182_OR_5</subfield>
    <subfield code="7">0</subfield>
    <subfield code="9">20656</subfield>
    <subfield code="a">LBB</subfield>
    <subfield code="b">LBB</subfield>
    <subfield code="c">B182</subfield>
    <subfield code="d">2015-12-05</subfield>
    <subfield code="o">FIS TAI 2010 B182 Or.5</subfield>
    <subfield code="p">RUA028369</subfield>
    <subfield code="r">2015-12-05</subfield>
    <subfield code="w">2015-12-05</subfield>
    <subfield code="y">FIS</subfield>
  </datafield>
  <datafield tag="952" ind1=" " ind2=" ">
    <subfield code="0">0</subfield>
    <subfield code="1">0</subfield>
    <subfield code="2">ddc</subfield>
    <subfield code="4">0</subfield>
    <subfield code="6">FIS_TAI_2010_000000000000000_B182_OR_6</subfield>
    <subfield code="7">0</subfield>
    <subfield code="9">54669</subfield>
    <subfield code="a">LBB</subfield>
    <subfield code="b">LBB</subfield>
    <subfield code="d">2016-10-27</subfield>
    <subfield code="l">1</subfield>
    <subfield code="o">FIS TAI 2010 B182 Or.6</subfield>
    <subfield code="p">RUA055502</subfield>
    <subfield code="r">2022-08-31</subfield>
    <subfield code="s">2022-07-18</subfield>
    <subfield code="w">2016-10-27</subfield>
    <subfield code="y">FIS</subfield>
  </datafield>
</record>
